Sociolinguistic studies

Bibliographic Details
Previous Title:Estudios de sociolingüística
Format: Electronic Journal
Language:English
Published: Sheffield, England : Equinox Publishing
Subjects:
Online Access:Full text available from Research Library: 01/01/2011 to 01/31/2016

MARC

LEADER 00000nas a2200000 i 4500
001 ssj0001077958
003 WaSeSS
005 20200512172242.0
006 m d
007 cr n
008 140106u20uuuuuuenkt| p|s|||||| |0eng d
022 |a 1750-8657  |l 1750-8649 
035 |a (WaSeSS)ssj0001077958 
040 |a WaSeSS  |b eng  |c WaSeSS  |d WaSeSS 
050 1 4 |a P40 
222 0 |a Sociolinguistic studies  |b (Online) 
245 0 0 |a Sociolinguistic studies  |h [electronic resource]. 
260 |a Sheffield, England :  |b Equinox Publishing 
310 |a Three times a year 
506 |a License restrictions may limit access. 
588 |a Description based on: Volume 5 (1) (2011); title from title screen (ProQuest, viewed Jan. 6, 2014). 
588 |a Latest issue consulted: Volume 6 (3) (2012) (viewed Jan. 6, 2014). 
650 0 |a Sociolinguistics  |v Periodicals. 
650 0 |a Language and languages  |v Periodicals. 
655 0 |a Electronic journals. 
776 0 8 |i Print version:  |t Sociolinguistic studies  |x 1750-8649 
780 0 0 |t Estudios de sociolingüística  |x 1576-7418 
856 4 0 |z Full text available from Research Library: 01/01/2011 to 01/31/2016  |u https://search.proquest.com/publication/1036398